LIBRARY & INFORMATION CENTRE, KCAET, TAVANUR

ONLINE PUBLIC ACCESS CATALOGUE (OPAC)

Simple prospective drawing / (Record no. 1757)

MARC details
000 -LEADER
fixed length control field 00423cam a2200169ua 4500
041 ## - LANGUAGE CODE
Language code of text/sound track or separate title eng
082 ## - DEWEY DECIMAL CLASSIFICATION NUMBER
Classification number 604
Item number BRO/SI
100 ## - MAIN ENTRY--AUTHOR NAME
Personal name Brown, Arthur.R .
245 ## - TITLE STATEMENT
Title Simple prospective drawing /
260 ## - PUBLICATION, DISTRIBUTION, ETC. (IMPRINT)
Place of publication London :
Name of publisher Croshy lockwood and son ,
Year of publication 1962.
300 ## - PHYSICAL DESCRIPTION
Number of Pages 34 :
Other physical details ` ; .
942 ## - ADDED ENTRY ELEMENTS (KOHA)
Koha item type Books
Holdings
Withdrawn status Lost status Damaged status Home library Current library Date acquired Full call number Accession Number Koha item type Public note
Withdrawn     KAUAET KAUAET 07/04/2012 604 3940 Books Deleted
free website counter